[Event "?"]
[Site "?"]
[Date "????.??.??"]
[Round "?"]
[White "Gruender, M."]
[Black "Gerasimov, A."]
[Result "1/2-1/2"]
[WhiteElo "1999"]
[BlackElo "2189"]
[PlyCount "43"]
[EventDate "2015.??.??"]

1. Nf3 c5 2. c4 g6 3. g3 Bg7 4. Bg2 Nc6 5. Nc3 e6 6. d4 cxd4 7. Nb5 Nge7 8.
Nfxd4 Nxd4 9. Nxd4 O-O 10. O-O d5 11. cxd5 Nxd5 12. Nc2 Qe7 13. e4 Nb6 14. Qe2
e5 15. b3 Rd8 16. Ba3 Qe8 17. Ne3 Be6 18. Rfd1 Bf8 19. Bb2 Bg7 20. Ba3 Bf8 21.
Bb2 Bg7 22. Ba3 1/2-1/2

[Event "?"]
[Site "?"]
[Date "????.??.??"]
[Round "?"]
[White "Kasimov, R."]
[Black "Raibl, Z."]
[Result "1/2-1/2"]
[WhiteElo "2159"]
[BlackElo "1987"]
[PlyCount "74"]
[EventDate "2015.??.??"]

1. d4 d5 2. Nc3 Bf5 3. Bf4 c6 4. e3 Nf6 5. Bd3 e6 6. Nf3 g6 7. h3 Bxd3 8. cxd3
Bg7 9. Qb3 Qe7 10. O-O O-O 11. Rac1 Na6 12. Na4 Nh5 13. Bh2 f5 14. Be5 f4 15.
e4 Bxe5 16. dxe5 Qb4 17. Qc2 Rac8 18. a3 Qe7 19. b4 b6 20. exd5 exd5 21. Qb3
Kh8 22. Rc2 Rc7 23. Rfc1 Rfc8 24. d4 Ng7 25. Nc3 b5 26. Nd1 Ne6 27. Nb2 Nb8 28.
Nd3 Nd7 29. a4 a6 30. Nc5 Ndxc5 31. bxc5 Rb7 32. axb5 Rxb5 33. Qd3 Rcb8 34. Ra2
a5 35. Rca1 Qc7 36. Kh2 Kg7 37. Qd2 Ra8 1/2-1/2

[Event "?"]
[Site "?"]
[Date "????.??.??"]
[Round "?"]
[White "Babarykin, S."]
[Black "Stachanczyk, J."]
[Result "1-0"]
[WhiteElo "2369"]
[BlackElo "2240"]
[PlyCount "79"]
[EventDate "2015.??.??"]

1. e4 c5 2. Nf3 d6 3. Bb5+ Nc6 4. O-O Bd7 5. Re1 Nf6 6. c3 a6 7. Bf1 Bg4 8. h3
Bh5 9. g4 Bg6 10. d4 cxd4 11. cxd4 d5 12. exd5 Nxd5 13. Nc3 e6 14. Nxd5 Qxd5
15. Bg2 Bb4 16. Ne5 Qb5 17. a4 Qb6 18. Nxg6 hxg6 19. d5 Nd8 20. a5 Qb5 21. Re3
Bc5 22. Rb3 Qd7 23. Be3 Bxe3 24. Rxe3 Rb8 25. Qd4 O-O 26. Rd1 exd5 27. Qxd5 Qc7
28. Qd6 Qc2 29. Rc3 Qxb2 30. Qxb8 Qxc3 31. Rxd8 Qe1+ 32. Bf1 Rxd8 33. Qxd8+ Kh7
34. Qh4+ Kg8 35. Qd8+ Kh7 36. Qc7 Qb4 37. Qxf7 Qxa5 38. Qxb7 Qa1 39. Qxa6 Qc1
40. Kg2 1-0

[Event "?"]
[Site "?"]
[Date "????.??.??"]
[Round "?"]
[White "Meshkov, Y."]
[Black "Chojnowski, M."]
[Result "1/2-1/2"]
[WhiteElo "2351"]
[BlackElo "2015"]
[PlyCount "111"]
[EventDate "2015.??.??"]

1. d4 Nf6 2. Bf4 g6 3. e3 Bg7 4. Nf3 O-O 5. Be2 c5 6. c3 d5 7. h3 Nc6 8. Nbd2
cxd4 9. exd4 Bf5 10. g4 Be4 11. O-O h6 12. Ne5 g5 13. Bh2 Bh7 14. Re1 Rc8 15.
Bf3 b5 16. a4 b4 17. Nxc6 Rxc6 18. c4 a5 19. c5 Ne8 20. Nb3 f5 21. Be5 Nf6 22.
Bg2 fxg4 23. hxg4 Ne4 24. Bxg7 Kxg7 25. f3 Ng3 26. Kh2 Qc7 27. Re5 Ne4 28. fxe4
Re6 29. Kg1 Rxe5 30. dxe5 dxe4 31. e6 Qg3 32. Qd4+ Kg8 33. Nd2 e3 34. Rf1 Rxf1+
35. Nxf1 Qf2+ 36. Kh2 Qh4+ 37. Bh3 Qf2+ 38. Kh1 Qf3+ 39. Bg2 e2 40. Bxf3
exf1=Q+ 41. Kh2 Qxf3 42. c6 Be4 43. Qd8+ Qf8 44. c7 Bb7 45. Kg1 Kg7 46. Qd4+
Kg8 47. Qc5 Bc8 48. Qxa5 Bxe6 49. Qxb4 Qc8 50. Qxe7 Bxg4 51. Qf6 Qe6 52. c8=Q+
Qxc8 53. Qg6+ Kf8 54. Qxh6+ Kf7 55. Qxg5 Bf5 56. Qh5+ 1/2-1/2

[Event "?"]
[Site "?"]
[Date "????.??.??"]
[Round "?"]
[White "Zimmer, R."]
[Black "Malyuga, V."]
[Result "1-0"]
[WhiteElo "1985"]
[BlackElo "2150"]
[PlyCount "89"]
[EventDate "2015.??.??"]

1. e4 c5 2. Nf3 e6 3. d4 cxd4 4. Nxd4 a6 5. c4 Nf6 6. Nc3 Qc7 7. Be2 Nc6 8. a3
Nxd4 9. Qxd4 Bd6 10. Be3 Be5 11. Qd2 O-O 12. Bd4 Bxd4 13. Qxd4 e5 14. Qd3 d6
15. O-O Be6 16. Rac1 Rac8 17. b3 Rfd8 18. Qe3 Qa5 19. Nb1 Rc6 20. b4 Qc7 21.
Nd2 b5 22. Nb3 Rxc4 23. Bxc4 Bxc4 24. Na5 d5 25. exd5 Nxd5 26. Qe4 Nb6 27. Qc6
Qxc6 28. Nxc6 Re8 29. Rfd1 g6 30. Rd8 Rxd8 31. Nxd8 e4 32. Nb7 f5 33. Nc5 Kf7
34. a4 bxa4 35. Nxa4 Nxa4 36. Rxc4 Ke6 37. Rc6+ Kd5 38. Rxa6 Nc3 39. Ra7 Kc4
40. Rxh7 Kxb4 41. g3 Ne2+ 42. Kf1 Nd4 43. Rg7 Nf3 44. h4 Ne5 45. Re7 1-0

[Event "?"]
[Site "?"]
[Date "????.??.??"]
[Round "?"]
[White "Mackowiak, M."]
[Black "Gurbanov, A."]
[Result "1/2-1/2"]
[WhiteElo "2140"]
[BlackElo "2336"]
[PlyCount "68"]
[EventDate "2015.??.??"]

1. c4 e6 2. Nc3 d5 3. d4 Nf6 4. Bg5 Be7 5. Nf3 O-O 6. e3 b6 7. cxd5 exd5 8. Be2
Be6 9. O-O h6 10. Bh4 Ne4 11. Bxe7 Qxe7 12. Nxe4 dxe4 13. Nd2 f5 14. g3 Nd7 15.
Bc4 c5 16. Bxe6+ Qxe6 17. Qb3 Qxb3 18. Nxb3 cxd4 19. Nxd4 Ne5 20. Rac1 Rf7 21.
Rc3 Nd3 22. b3 g5 23. Ne2 Kh7 24. Rd1 Raf8 25. Rd2 Kg7 26. Kf1 Re8 27. Rdc2 Nb4
28. Rd2 Nd3 29. Rdc2 Ne5 30. Nd4 Kg6 31. Rc7 Ree7 32. Rxe7 Rxe7 33. Nc6 Nxc6
34. Rxc6+ Kg7 1/2-1/2

[Event "?"]
[Site "?"]
[Date "????.??.??"]
[Round "?"]
[White "Wassin, S."]
[Black "Messalla, J."]
[Result "1-0"]
[WhiteElo "2290"]
[BlackElo "2057"]
[PlyCount "57"]
[EventDate "2015.??.??"]

1. d4 c5 2. d5 e5 3. e4 d6 4. Nc3 g6 5. g3 Bg7 6. Bg2 Ne7 7. Nge2 O-O 8. O-O f5
9. f4 fxe4 10. Nxe4 Bg4 11. c3 Kh8 12. h3 Bf5 13. fxe5 Bxe5 14. Bh6 Bg7 15.
Bxg7+ Kxg7 16. Nf4 Na6 17. g4 Bc8 18. Qd2 Nc7 19. c4 Kg8 20. Qc3 Ne8 21. Rf2
Rb8 22. Raf1 Ng7 23. Nf6+ Kh8 24. N6h5 Nef5 25. Nxg7 Nd4 26. Nxg6+ Kxg7 27.
Nxf8 Qg5 28. Qd3 Kg8 29. Qxh7# 1-0

[Event "?"]
[Site "?"]
[Date "????.??.??"]
[Round "?"]
[White "Smirnov, A."]
[Black "Grigorchuk, S."]
[Result "1-0"]
[WhiteElo "2446"]
[BlackElo "2278"]
[PlyCount "49"]
[EventDate "2015.??.??"]

1. Nf3 d5 2. d4 Nf6 3. c4 e6 4. Nc3 Be7 5. Bf4 O-O 6. e3 b6 7. Bd3 c5 8. dxc5
bxc5 9. cxd5 exd5 10. O-O Bb7 11. h3 Nc6 12. Rc1 g6 13. Qa4 Rc8 14. Rfd1 Qb6
15. Qb5 Nb4 16. Qxb6 axb6 17. Be2 Rfd8 18. a3 Nc6 19. Na4 Nd7 20. Bb5 Ncb8 21.
Ne5 Nxe5 22. Bxe5 Nc6 23. Bg3 Na7 24. Be2 b5 25. Nb6 1-0

[Event "?"]
[Site "?"]
[Date "????.??.??"]
[Round "?"]
[White "Dukaczewski, P."]
[Black "Yarmonov, I."]
[Result "1-0"]
[WhiteElo "2261"]
[BlackElo "2375"]
[PlyCount "141"]
[EventDate "2015.??.??"]

1. c4 e5 2. g3 Nf6 3. Bg2 d6 4. Nc3 Be7 5. e3 O-O 6. Nge2 c6 7. d4 Nbd7 8. O-O
Re8 9. h3 Bf8 10. Qc2 Nb6 11. b3 g6 12. Bb2 exd4 13. Nxd4 d5 14. cxd5 Nbxd5 15.
Nxd5 Nxd5 16. e4 Nc7 17. Rad1 Qe7 18. f4 Qc5 19. Qf2 f5 20. e5 Ne6 21. Rc1 Qa5
22. Bc3 Qb6 23. Rfd1 Rd8 24. Nxe6 Bxe6 25. Bd4 Qa5 26. Be3 Qa3 27. Bf1 a5 28.
Qc2 Qb4 29. Rb1 Kf7 30. Kf2 h5 31. Bc4 Qe7 32. Rxd8 Rxd8 33. Bb6 Rd7 34. Bxe6+
Qxe6 35. Bxa5 Rd5 36. Bc3 Qd7 37. Ke2 Be7 38. Rd1 h4 39. gxh4 Bxh4 40. Be1 Be7
41. Qc4 Ke6 42. a4 Qd8 43. Rd3 Qb6 44. Rxd5 cxd5 45. Qc8+ Kf7 46. Bc3 Qa6+ 47.
Kd2 Qb6 48. Kd3 Qa6+ 49. Ke3 Qb6+ 50. Kf3 Qa6 51. Kf2 Qb6+ 52. Ke2 Qa6+ 53. Kd2
Qb6 54. e6+ Qxe6 55. Qxb7 Qe4 56. Qc7 Qg2+ 57. Kc1 Qf1+ 58. Kc2 Qe2+ 59. Bd2
Qe4+ 60. Kb2 Qd3 61. Qc2 Qxh3 62. a5 Qf1 63. Bc3 Qxf4 64. a6 Qd6 65. Qd3 Qa3+
66. Kc2 Qa2+ 67. Bb2 Bf6 68. Qxd5+ Kg7 69. Qb7+ Kh6 70. Qh1+ Kg7 71. Qa1 1-0

[Event "?"]
[Site "?"]
[Date "????.??.??"]
[Round "?"]
[White "Frink, F."]
[Black "Wirth, A."]
[Result "1/2-1/2"]
[WhiteElo "2123"]
[BlackElo "1964"]
[PlyCount "40"]
[EventDate "2015.??.??"]

1. e4 c5 2. b4 cxb4 3. a3 d5 4. e5 Nc6 5. d4 Qb6 6. Be3 Bf5 7. Bd3 Bxd3 8. Qxd3
e6 9. Ne2 Nge7 10. O-O Nf5 11. axb4 Bxb4 12. c3 Be7 13. Nd2 O-O 14. h3 a5 15.
Nf4 Rfd8 16. g4 Nh4 17. Nh5 Qa6 18. Qb1 a4 19. Ng3 a3 20. Ra2 b5 1/2-1/2

[Event "?"]
[Site "?"]
[Date "????.??.??"]
[Round "?"]
[White "Strekalovski, V."]
[Black "Krajinski, L."]
[Result "1-0"]
[WhiteElo "1939"]
[BlackElo "1683"]
[PlyCount "143"]
[EventDate "2015.??.??"]

1. e4 c5 2. Nf3 Nc6 3. a3 Nf6 4. Nc3 d5 5. e5 Ne4 6. Bb5 Nxc3 7. dxc3 Bg4 8. h3
Bh5 9. O-O e6 10. Re1 Qc7 11. Bf4 Be7 12. b4 c4 13. Bxc6+ Qxc6 14. g4 Bg6 15.
Nd4 Qd7 16. Qf3 O-O-O 17. Qe3 b6 18. a4 h6 19. Kh2 Rdg8 20. Rg1 Bh7 21. Qf3 g5
22. Be3 Rg7 23. b5 Bd8 24. Nc6 f5 25. a5 bxa5 26. Nxa7+ Kb7 27. Nc6 f4 28.
Nxa5+ Bxa5 29. Rxa5 Ra8 30. Rxa8 Kxa8 31. Ra1+ Kb8 32. Bc5 Qxb5 33. Bd6+ Kb7
34. Qd1 Kc6 35. Qd4 Bxc2 36. Ra8 Rb7 37. h4 Be4 38. Bb4 Kd7 39. Rh8 Rb8 40.
Qa7+ Qb7 41. Qa4+ Qb5 42. Qa7+ Rb7 43. Qa8 Kc6 44. Rg8 d4 45. Rc8+ Kb6 46. Rc5
Qa6 47. Qd8+ Ka7 48. Qxd4 Bf3 49. Ra5+ Rb6 50. Rxa6+ Kxa6 51. Qxc4+ Kb7 52. Qd3
Bxg4 53. Qh7+ Kc6 54. hxg5 hxg5 55. Qd3 Kb7 56. Qd7+ Ka6 57. Qc8+ Kb5 58. Qc5+
Ka6 59. Kg2 Bf5 60. Kf3 Kb7 61. Qe7+ Kc6 62. Qxg5 Kd5 63. Qd8+ Kc6 64. Kxf4 Kb5
65. Ke3 Rc6 66. f3 Kc4 67. Qd7 Rb6 68. Qc7+ Kb5 69. Kd4 Bh3 70. c4+ Ka6 71. Bc5
Rb7 72. Qc6+ 1-0

[Event "?"]
[Site "?"]
[Date "????.??.??"]
[Round "?"]
[White "Krause, S."]
[Black "Mate, B."]
[Result "1/2-1/2"]
[WhiteElo "1926"]
[BlackElo "2121"]
[PlyCount "150"]
[EventDate "2015.??.??"]

1. d4 d5 2. c4 e6 3. Nc3 Nf6 4. Nf3 Be7 5. Qc2 dxc4 6. e3 c5 7. Bxc4 Nc6 8. Bb5
Bd7 9. a3 a6 10. Be2 Rc8 11. O-O Qc7 12. Rd1 O-O 13. Bd2 Rfd8 14. Rac1 cxd4 15.
exd4 Be8 16. Be1 Qb6 17. Na4 Qa7 18. Bc3 Nd5 19. Qe4 Nb8 20. Nc5 b6 21. Nd3
Nxc3 22. Rxc3 Rxc3 23. bxc3 Bc6 24. Qg4 Bxf3 25. Qxf3 Bxa3 26. Ne5 Qc7 27. Nc4
Be7 28. Rb1 b5 29. Nd2 Rc8 30. c4 bxc4 31. Nxc4 Nc6 32. Qe4 Rd8 33. Rd1 a5 34.
g3 a4 35. d5 exd5 36. Rxd5 Rxd5 37. Qxd5 g6 38. Bf3 Nd8 39. Qd3 a3 40. Qb3 Qc5
41. Kg2 Qb4 42. Qa2 Ne6 43. Bd5 Nc7 44. Ne5 Kg7 45. Bxf7 Qe4+ 46. Nf3 Qf5 47.
Bb3 Nb5 48. Nd2 Bc5 49. Nc4 Qd3 50. Ne5 Qe4+ 51. Nf3 Nd4 52. Bd5 Qc2 53. Nxd4
Qxa2 54. Bxa2 Bxd4 55. f4 Kf6 56. Kf3 Ke7 57. Ke4 Bg7 58. Kd5 Bc3 59. g4 Bd2
60. Ke4 Kd6 61. f5 Bg5 62. fxg6 hxg6 63. h3 Bh4 64. Bg8 Ke7 65. Bb3 Kf6 66. Bc4
Bg3 67. Bb3 Kg5 68. Kf3 Be1 69. Bf7 Kf6 70. Bg8 Ke5 71. Ke3 Bh4 72. Bf7 Bg5+
73. Kd3 Kf4 74. Kc2 Bf6 75. Kb3 g5 1/2-1/2

[Event "?"]
[Site "?"]
[Date "????.??.??"]
[Round "?"]
[White "Checiak, K."]
[Black "Myronenko, N."]
[Result "0-1"]
[WhiteElo "2102"]
[BlackElo "1901"]
[PlyCount "144"]
[EventDate "2015.??.??"]

1. e4 e5 2. Nf3 Nc6 3. Bc4 Bc5 4. Nc3 Nf6 5. d3 d6 6. h3 h6 7. a3 O-O 8. Nd2
Be6 9. Na4 Bb6 10. Nxb6 axb6 11. O-O Ne7 12. Re1 Ng6 13. Nf1 c6 14. Bd2 b5 15.
Ba2 Nh7 16. Qh5 Nf6 17. Qe2 Nh7 18. Ng3 Ng5 19. Qh5 Nf4 20. Bxf4 exf4 21. Nf5
g6 22. Qxh6 gxf5 23. h4 Nh7 24. Qxf4 fxe4 25. Rxe4 d5 26. Re3 Qf6 27. Qg3+ Kh8
28. c3 Rg8 29. Qe5 Qxe5 30. Rxe5 Rg4 31. g3 Rag8 32. Kf1 Kg7 33. Bb3 Nf8 34.
Bd1 Rg6 35. a4 Nd7 36. Rg5 Ra8 37. Rxg6+ fxg6 38. b4 Ne5 39. d4 Nc4 40. Ra2
bxa4 41. Rxa4 Rxa4 42. Bxa4 Nd2+ 43. Ke2 Ne4 44. Ke3 Nxc3 45. Bb3 Ne4 46. Bc2
Nd6 47. Kf4 Bf5 48. Bd1 Bd3 49. g4 Kf6 50. f3 Nb5 51. Ke3 Bb1 52. f4 Nc3 53.
Bb3 c5 54. Kd2 Ne4+ 55. Ke3 Nd6 56. Bd1 Ne8 57. Kd2 Be4 58. Be2 Nc7 59. Bd1 Ke6
60. Be2 Ne8 61. Ke3 Nd6 62. Kd2 Nc4+ 63. Kc3 Kf6 64. Bd1 Ne3 65. Be2 Ng2 66.
g5+ Kf5 67. h5 gxh5 68. Bxh5 Nxf4 69. Be8 Ne2+ 70. Kd2 Nxd4 71. g6 Kf6 72. Kc3
Bxg6 0-1

[Event "?"]
[Site "?"]
[Date "????.??.??"]
[Round "?"]
[White "Gerasimova, O."]
[Black "Nerlikar, S."]
[Result "1-0"]
[WhiteElo "2058"]
[BlackElo "1479"]
[PlyCount "33"]
[EventDate "2015.??.??"]

1. e4 e6 2. Qe2 c5 3. Nf3 Nc6 4. g3 g6 5. Bg2 Bg7 6. c3 Nge7 7. O-O O-O 8. Rd1
d5 9. d3 b5 10. e5 a5 11. d4 cxd4 12. cxd4 Ba6 13. Bf4 Nf5 14. Bg5 Nfxd4 15.
Nxd4 Qxg5 16. Nxc6 Rfc8 17. f4 1-0

[Event "?"]
[Site "?"]
[Date "????.??.??"]
[Round "?"]
[White "Mekus, M."]
[Black "Flock, D."]
[Result "1/2-1/2"]
[WhiteElo "1628"]
[BlackElo "1867"]
[PlyCount "83"]
[EventDate "2015.??.??"]

1. Nf3 c5 2. g3 Nc6 3. d3 g6 4. Bg2 Bg7 5. e4 d6 6. Nbd2 Bd7 7. c3 Qc8 8. O-O
Bh3 9. Re1 Bxg2 10. Kxg2 Nf6 11. Nc4 b5 12. Ne3 Qb7 13. Nf1 O-O 14. Bf4 e5 15.
Bd2 h6 16. Nh4 Ne7 17. Kg1 Rad8 18. Qc1 Kh7 19. Qc2 Nh5 20. Ng2 f5 21. f4 b4
22. Rab1 a5 23. c4 Nc6 24. Be3 exf4 25. Nxf4 Nxf4 26. Bxf4 Nd4 27. Qd1 fxe4 28.
Rxe4 g5 29. Be3 Qf7 30. Nd2 Nf5 31. Bf2 d5 32. Re2 Nd4 33. Bxd4 Bxd4+ 34. Kg2
g4 35. h3 h5 36. hxg4 hxg4 37. Qh1+ Kg7 38. Qh4 Qf5 39. Re7+ Kg8 40. Rf1 Qg6
41. Ref7 Rxf7 42. Qxd8+ 1/2-1/2

[Event "?"]
[Site "?"]
[Date "????.??.??"]
[Round "?"]
[White "Krabbe, W."]
[Black "Mikhalionak, A."]
[Result "1/2-1/2"]
[WhiteElo "1869"]
[BlackElo "1617"]
[PlyCount "70"]
[EventDate "2015.??.??"]

1. d4 Nf6 2. c4 e6 3. Nf3 d5 4. Nc3 Be7 5. Bg5 O-O 6. e3 h6 7. Bh4 b6 8. Bd3
Bb7 9. O-O Nbd7 10. Rc1 c5 11. cxd5 Nxd5 12. Bxe7 Qxe7 13. e4 Nxc3 14. bxc3
Rac8 15. Qe2 Rfd8 16. Rfd1 cxd4 17. cxd4 e5 18. d5 Nc5 19. Bb1 Ba6 20. Qb2 f6
21. Nh4 Qf8 22. Qa3 Rd7 23. Qg3 Bb7 24. Qg4 Rdd8 25. Nf5 Kh7 26. d6 Rc6 27. a3
Bc8 28. Qf3 Bxf5 29. Qxf5+ g6 30. Qf3 Rcxd6 31. Rxd6 Rxd6 32. Qe3 Rd4 33. f3
Qd6 34. Qe2 Rd2 35. Qe1 Qd4+ 1/2-1/2

[Event "?"]
[Site "?"]
[Date "????.??.??"]
[Round "?"]
[White "Kohnen, K."]
[Black "Aleksandrova, A."]
[Result "0-1"]
[WhiteElo "1510"]
[BlackElo "1931"]
[PlyCount "94"]
[EventDate "2015.??.??"]

1. e4 d6 2. f4 Nd7 3. Nf3 e5 4. d3 Be7 5. Nc3 c6 6. Ne2 Ngf6 7. h3 Nh5 8. Be3
exf4 9. Nxf4 Bh4+ 10. Nxh4 Qxh4+ 11. Bf2 Qxf4 12. Qxh5 Nf6 13. Qd1 Qe5 14. c3
Be6 15. Be2 O-O 16. O-O Qg5 17. Kh2 d5 18. exd5 Bxd5 19. Bf3 Rfd8 20. Bd4 Ne8
21. Bxd5 Qxd5 22. Qf3 f6 23. Qg3 Kf7 24. Rf3 b6 25. a3 Rd7 26. Raf1 c5 27. Be3
Qxd3 28. Bxc5 Qb5 29. Bd4 Qxb2 30. Bxf6 gxf6 31. Rxf6+ Nxf6 32. Qe5 Qa2 33.
Rxf6+ Kg8 34. Qg5+ Rg7 35. Rf2 Qxf2 36. Qd5+ Kf8 37. Qxa8+ Kf7 38. Qd5+ Kf6 39.
Qd6+ Kg5 40. Qe5+ Kh6 41. Qe6+ Rg6 42. Qe4 Qg3+ 43. Kh1 Rd6 44. Qb1 Rd2 45. Qf1
Rf2 46. Qg1 Qf4 47. a4 Rf1 0-1

[Event "?"]
[Site "?"]
[Date "????.??.??"]
[Round "?"]
[White "Lebedev, S."]
[Black "Koenig, J."]
[Result "1/2-1/2"]
[WhiteElo "1854"]
[BlackElo "1640"]
[PlyCount "126"]
[EventDate "2015.??.??"]

1. d4 d5 2. Bf4 Nf6 3. e3 Bf5 4. Nd2 e6 5. Ngf3 Nbd7 6. h3 h6 7. Be2 c5 8. c4
dxc4 9. Nxc4 Ne4 10. O-O Be7 11. d5 Bf6 12. dxe6 Bxe6 13. Qc2 Bxc4 14. Bxc4 Ng5
15. Nxg5 Bxg5 16. Qe4+ Be7 17. Qxb7 Qc8 18. Qe4 Nf6 19. Qc2 O-O 20. Rfd1 Qc6
21. Qb3 Nh5 22. Bh2 Qg6 23. Rd7 Bh4 24. Bxf7+ Rxf7 25. g3 Nxg3 26. Bxg3 Bxg3
27. Qxf7+ Qxf7 28. Rxf7 Kxf7 29. fxg3 Rd8 30. Rc1 Ke6 31. Rxc5 Rd1+ 32. Kg2
Rd2+ 33. Kf3 Rxb2 34. Rc7 Rxa2 35. Rxg7 Kf6 36. Rc7 a5 37. Ra7 a4 38. Ra6+ Kg7
39. e4 Ra1 40. h4 a3 41. Kg4 a2 42. e5 Re1 43. Rxa2 Rxe5 44. Ra7+ Kg8 45. Rd7
Ra5 46. Re7 Rb5 47. Re4 Kg7 48. Rf4 Ra5 49. Rf5 Ra6 50. Kh5 Rg6 51. g4 Rb6 52.
g5 hxg5 53. hxg5 Rb1 54. Rf4 Rh1+ 55. Rh4 Rxh4+ 56. Kxh4 Kg6 57. Kg4 Kg7 58.
Kf5 Kf7 59. g6+ Kg7 60. Kg5 Kg8 61. Kf6 Kf8 62. Kf5 Kg7 63. Kg5 Kg8 1/2-1/2

[Event "?"]
[Site "?"]
[Date "????.??.??"]
[Round "?"]
[White "Misic, A."]
[Black "Kaydanovich, M."]
[Result "0-1"]
[WhiteElo "1719"]
[BlackElo "1831"]
[PlyCount "54"]
[EventDate "2015.??.??"]

1. e4 e5 2. Nf3 Nc6 3. Bc4 Bc5 4. O-O Nf6 5. d3 d6 6. Be3 O-O 7. h3 Qe7 8. a3
Be6 9. Bb5 Nd4 10. Bxd4 exd4 11. Nbd2 c6 12. Bc4 Bb6 13. Re1 Nd7 14. b4 Ne5 15.
Bxe6 Qxe6 16. Ng5 Qf6 17. Ngf3 Rfe8 18. Nxe5 dxe5 19. Rf1 Bc7 20. Qg4 Rad8 21.
Nf3 h6 22. Nh4 g6 23. Nf3 Kh7 24. g3 h5 25. Qg5 Qxf3 26. Qh4 Rd6 27. g4 Bd8 0-1

[Event "?"]
[Site "?"]
[Date "????.??.??"]
[Round "?"]
[White "Karpova, M."]
[Black "Ulpins, H."]
[Result "1/2-1/2"]
[WhiteElo "1781"]
[BlackElo "1125"]
[PlyCount "72"]
[EventDate "2015.??.??"]

1. d4 d5 2. c4 c6 3. Nc3 Nf6 4. e3 Nbd7 5. Nf3 e6 6. Bd3 dxc4 7. Bxc4 b5 8. Be2
Bb7 9. O-O a6 10. a3 c5 11. b3 Rc8 12. Bb2 Be7 13. Rc1 O-O 14. Bd3 cxd4 15.
Nxd4 Ne5 16. Be2 Qb6 17. Rc2 Rfd8 18. b4 Nc6 19. Rd2 e5 20. Nb3 Rxd2 21. Nxd2
Rd8 22. Bf3 a5 23. bxa5 Qxa5 24. Qc2 Rc8 25. Ndb1 b4 26. axb4 Bxb4 27. Qa4 Qb6
28. Nd5 Nxd5 29. Bxd5 Ra8 30. Qd1 Rd8 31. Qf3 Qc7 32. Rc1 Rc8 33. Qe4 Bd6 34.
h3 Qb6 35. Ba1 Qa6 36. Nc3 Qa3 1/2-1/2

[Event "?"]
[Site "?"]
[Date "????.??.??"]
[Round "?"]
[White "Scheffner, J."]
[Black "Napierala, M."]
[Result "1-0"]
[WhiteElo "1675"]
[BlackElo "1722"]
[PlyCount "68"]
[EventDate "2015.??.??"]

1. e4 e5 2. Nf3 Nc6 3. d4 exd4 4. Bc4 Bb4+ 5. c3 dxc3 6. O-O Nf6 7. e5 Ne4 8.
Qd5 O-O 9. Qxe4 d6 10. bxc3 Bc5 11. Ng5 g6 12. Qh4 h5 13. exd6 Bxd6 14. Ba3 Ne5
15. Bb3 Bf5 16. h3 Bxb1 17. Bxd6 cxd6 18. Raxb1 Rc8 19. f4 Nc4 20. f5 d5 21.
Qf4 Qb6+ 22. Kh1 Ne3 23. Rf3 Nxf5 24. Bc2 Qf6 25. Bxf5 gxf5 26. Qg3 Kh8 27.
Rxb7 Rce8 28. Rxa7 Rb8 29. Nxf7+ Rxf7 30. Qxb8+ Kh7 31. Rg3 Rxa7 32. Qxa7+ Kh6
33. Qd4 Qe7 34. Qh8+ Qh7 1-0

[Event "?"]
[Site "?"]
[Date "????.??.??"]
[Round "?"]
[White "Messalla, J."]
[Black "Eremin, A."]
[Result "0-1"]
[WhiteElo "2057"]
[BlackElo "2201"]
[PlyCount "70"]
[EventDate "2015.??.??"]

1. e4 d6 2. Nc3 Nf6 3. g3 c6 4. Bg2 e5 5. d4 Nbd7 6. Nf3 Be7 7. O-O O-O 8. h3
b5 9. Qe1 Bb7 10. dxe5 dxe5 11. Bg5 h6 12. Bxf6 Bxf6 13. Rd1 Qc7 14. Qe3 Rfe8
15. g4 Nf8 16. Ne2 Ne6 17. h4 Nf4 18. g5 hxg5 19. hxg5 Be7 20. Nxf4 exf4 21.
Qb3 Bc5 22. g6 Qe7 23. Ne5 Qxe5 24. gxf7+ Kh7 25. fxe8=Q Rxe8 26. Qh3+ Kg8 27.
Qb3+ Kh7 28. Rd3 Bc8 29. Rfd1 Bg4 30. R1d2 Rf8 31. Bh3 f3 32. Bf1 Qg3+ 33. Kh1
Bxf2 34. Rxf2 Qxf2 35. Rd1 Rf6 0-1

[Event "?"]
[Site "?"]
[Date "????.??.??"]
[Round "?"]
[White "Scerbin, D."]
[Black "Miozga, T."]
[Result "0-1"]
[WhiteElo "2368"]
[BlackElo "1995"]
[PlyCount "146"]
[EventDate "2015.??.??"]

1. e4 c6 2. d4 d5 3. e5 Bf5 4. Nc3 e6 5. g4 Bg6 6. Nge2 h6 7. Nf4 Bh7 8. Bd3
Bxd3 9. Qxd3 Nd7 10. Be3 Qb6 11. O-O c5 12. dxc5 Qc6 13. Bd4 Bxc5 14. Nh5 g6
15. Nf4 Ne7 16. Rfe1 a6 17. Bxc5 Qxc5 18. b4 Qxb4 19. Ncxd5 Nxd5 20. Nxd5 Qxg4+
21. Kh1 exd5 22. e6 O-O 23. h3 Nc5 24. hxg4 Nxd3 25. cxd3 Rfe8 26. exf7+ Kxf7
27. Reb1 b5 28. a4 Rab8 29. axb5 Rxb5 30. Rc1 a5 31. Kg2 g5 32. Kf3 Re6 33.
Rc7+ Kg6 34. Ra4 Rf6+ 35. Ke3 Rb2 36. f3 Re6+ 37. Kd4 Rb4+ 38. Rxb4 axb4 39.
Rb7 Rf6 40. Kxd5 Rxf3 41. Rxb4 Rxd3+ 42. Ke5 Re3+ 43. Kd5 Rf3 44. Ke5 Kg7 45.
Rb7+ Rf7 46. Rb4 Ra7 47. Rb5 Ra6 48. Kf5 Rf6+ 49. Ke5 Kg6 50. Ra5 Rb6 51. Rc5
h5 52. gxh5+ Kxh5 53. Rc1 Rb3 54. Ke4 g4 55. Rh1+ Kg5 56. Rh8 Rf3 57. Rh7 Rf8
58. Ke3 g3 59. Ke2 Kg4 60. Ke1 g2 61. Ke2 Rf4 62. Rg7+ Kh3 63. Rh7+ Kg3 64.
Rg7+ Kh2 65. Rh7+ Kg1 66. Rh8 Ra4 67. Rh7 Re4+ 68. Kd3 Re8 69. Kd2 Re5 70. Rh8
Kf2 71. Rf8+ Kg3 72. Rg8+ Kf3 73. Rg7 Re4 0-1

[Event "?"]
[Site "?"]
[Date "????.??.??"]
[Round "?"]
[White "Raibl, Z."]
[Black "Varezhkin, V."]
[Result "1/2-1/2"]
[WhiteElo "1987"]
[BlackElo "2267"]
[PlyCount "83"]
[EventDate "2015.??.??"]

1. d4 d5 2. c4 c6 3. Nc3 Nf6 4. Nf3 Bf5 5. Qb3 Qb6 6. c5 Qxb3 7. axb3 Nbd7 8.
b4 g6 9. h3 Ne4 10. Bf4 Nxc3 11. bxc3 a6 12. e3 Bg7 13. Be2 O-O 14. O-O Rfe8
15. g4 Be6 16. Nd2 f5 17. g5 Bf7 18. Rfe1 e5 19. Bg3 f4 20. Bh2 fxe3 21. fxe3
Be6 22. Bf1 Rad8 23. Nb3 Nf8 24. Na5 Re7 25. Rad1 Bc8 26. Bg3 Rde8 27. Kh2 Kf7
28. Bd3 exd4 29. exd4 Re3 30. Rf1+ Kg8 31. Rde1 R8e6 32. Rd1 Re7 33. Rfe1 Rxe1
34. Rxe1 Rxe1 35. Bxe1 Ne6 36. Bd2 Bf8 37. Be2 Be7 38. Bg4 Kf7 39. Kg3 Bd8 40.
h4 Bc7+ 41. Kf3 Ke7 42. Be3 1/2-1/2

[Event "?"]
[Site "?"]
[Date "????.??.??"]
[Round "?"]
[White "Gerasimov, A."]
[Black "Sponheim, M."]
[Result "1/2-1/2"]
[WhiteElo "2189"]
[BlackElo "2024"]
[PlyCount "88"]
[EventDate "2015.??.??"]

1. d4 Nf6 2. c4 c5 3. d5 b5 4. cxb5 a6 5. b6 Qxb6 6. Nc3 d6 7. Nf3 g6 8. Nd2
Bg7 9. e4 O-O 10. a4 Re8 11. a5 Qb4 12. Ra4 Qb7 13. Nc4 Nbd7 14. Be2 Qc7 15.
O-O Rb8 16. h3 Rb4 17. Ra3 h6 18. Bf4 Nh5 19. Be3 Nhf6 20. Qd2 Kh7 21. Rd1 Qb8
22. Qc2 Rf8 23. Na4 Ne8 24. Bd2 Rb7 25. Bc3 Nc7 26. Bxg7 Kxg7 27. Ncb6 Nb5 28.
Bxb5 axb5 29. Nxd7 Bxd7 30. Nb6 b4 31. Rg3 Qa7 32. Nxd7 Rxd7 33. Ra1 Qa6 34. b3
Rc7 35. Qb2+ Kh7 36. e5 c4 37. bxc4 Rxc4 38. Rb3 Rb8 39. exd6 Qxd6 40. Qe2 Qxd5
41. Qxe7 Re4 42. Qc7 Qxb3 43. Qxb8 Qb2 44. Rf1 Re7 1/2-1/2

[Event "?"]
[Site "?"]
[Date "????.??.??"]
[Round "?"]
[White "Wirth, A."]
[Black "Kasimov, R."]
[Result "1-0"]
[WhiteElo "1964"]
[BlackElo "2159"]
[PlyCount "69"]
[EventDate "2015.??.??"]

1. e4 d5 2. exd5 Nf6 3. Nc3 Nxd5 4. Bc4 c6 5. d4 e6 6. Nf3 Nd7 7. O-O Be7 8.
Qe2 O-O 9. Re1 Re8 10. Bb3 h6 11. Ne4 Qc7 12. c4 Nf4 13. Qe3 Ng6 14. Bd2 b6 15.
Rac1 Bb7 16. Bc2 c5 17. dxc5 bxc5 18. Bc3 Red8 19. Rcd1 Qf4 20. Qxf4 Nxf4 21.
Ne5 Nf6 22. Bd2 Nxe4 23. Bxf4 Nf6 24. f3 Rac8 25. Rxd8+ Rxd8 26. Rd1 Rc8 27.
Kf2 g5 28. Be3 Rc7 29. h4 Ne8 30. hxg5 hxg5 31. Rd7 f6 32. Rxc7 Nxc7 33. Nd3
Na6 34. Ba4 Nb4 35. Nxb4 1-0

[Event "?"]
[Site "?"]
[Date "????.??.??"]
[Round "?"]
[White "Stachanczyk, J."]
[Black "Gerasimova, O."]
[Result "1-0"]
[WhiteElo "2240"]
[BlackElo "2058"]
[PlyCount "69"]
[EventDate "2015.??.??"]

1. e4 c5 2. Nf3 Nc6 3. d4 cxd4 4. Nxd4 g6 5. Nc3 Bg7 6. Be3 Nf6 7. Bc4 Qa5 8.
O-O O-O 9. Nb3 Qc7 10. Bg5 Na5 11. Be2 Nxb3 12. axb3 Qe5 13. f4 Qc5+ 14. Kh1 h6
15. Bh4 d6 16. Bf3 e5 17. b4 Qc7 18. Nb5 Qb6 19. Qxd6 Qxb5 20. Bxf6 Bxf6 21.
Qxf6 exf4 22. e5 Qxb4 23. Bd5 Bf5 24. Bb3 Qd4 25. Rad1 Qe4 26. Rfe1 Qc6 27. e6
Kh7 28. Rd7 f3 29. Rxf7+ Rxf7 30. Qxf7+ Kh8 31. e7 fxg2+ 32. Kg1 Re8 33. Qf8+
Kh7 34. Bg8+ Kh8 35. Bd5+ 1-0